000 00393nam a2200145Ia 4500
008 210210b1961 xxu||||| |||| 00| 0 eng d
082 _a813.52 FENA
100 _aFENTON (Charles A).
245 _aApprenticeship of Ernest Hemingway the early years.
260 _aN Y
_bThe New American Library
_c1961
300 _a240
650 _aErnest Hemingway
690 _aBiography
906 _a033027
999 _c84179
_d84179